|
|
|
|
| LEADER |
00000nam a22000007a 4500 |
| 005 |
20171211180021.0 |
| 007 |
cr|||| |||| |
| 008 |
171211s2010 mx |||||s|||| 00||0 spa d |
| 020 |
|
|
|a 978-607-401-231-6
|
| 035 |
|
|
|a 20869
|
| 040 |
|
|
|a vLex
|
| 090 |
|
|
|c 7289
|d 7289
|
| 245 |
0 |
0 |
|a Perspectivas sobre temas de relaciones internacionales
|h [Recurso electrn̤ico]
|
| 256 |
|
|
|a Servicio en ln̕ea
|
| 260 |
|
|
|a Ciudad de Mx̌ico:
|b Cm̀ara de Diputados,
|c 2010
|
| 300 |
|
|
|a 1 recurso electrn̤ico (296 p.)
|
| 506 |
1 |
|
|a Disponible solo en los productos indicados
|d vLex Global
|d vLex Global (Academic Edition, excluding Law Schools)
|d vLex Global (U.S. Academic Edition, Law Schools)
|d vLex Global (U.S. Academic Edition, excluding Law Schools)
|d vLex Global (Academic Edition, Law Schools)
|
| 650 |
0 |
4 |
|a Derecho Internacional
|z Mx̌ico
|
| 740 |
0 |
|
|a vLex Libros (Servicio en ln̕ea)
|
| 856 |
4 |
0 |
|u http://vlex.com/source/perspectivas-tema-relaciones-internacionales-20869
|z Acceso restringido
|
| 942 |
|
|
|c BOOK
|
| 999 |
0 |
|
|a International law
|